| 000 | 00639nam a2200229 a 4500 | ||
|---|---|---|---|
| 001 | BRCA_7741 | ||
| 005 | 20190320205955.0 | ||
| 008 | 060913s1953----gw-a######---#000-0#ger-# | ||
| 041 | _ager | ||
| 044 | _agw | ||
| 050 | 4 |
_aN33 _b.S33 1953 |
|
| 100 | 1 |
_aSchaffran, Emerich _919155 |
|
| 245 | 1 | 0 |
_aTaschen-Lexikon der Kunst _cvon Emerich Schaffran. |
| 260 |
_aViena _bHumboldt _cc1953 |
||
| 300 |
_a175 p. _bil. _c18 cm. |
||
| 500 | _aDiccionario inventariado por Banco de México como libro | ||
| 500 | _aU90 | ||
| 650 | 1 | 4 |
_aArte _vDiccionarios _919156 |
| 650 | 1 | 4 |
_aEnciclopedias y diccionarios _99441 |
| 902 | _aGFM | ||
| 942 |
_2lcc _cB |
||
| 999 |
_c7415 _d7415 |
||